| Tag |
First Indicator |
Second Indicator |
Subfields |
| LEADER |
00000cam a22000001a 4500 |
| 001 |
in00003060013 |
| 005 |
20190402185953.0 |
| 006 |
m o d |
| 007 |
cr un mmmapmmp |
| 008 |
070820s1916 dcu o f000 0 eng d |
| 035 |
|
|
|a cis2004153127
|
| 040 |
|
|
|a UMI
|c UMI
|d UtOrBLW
|
| 043 |
|
|
|a n-us---
|
| 099 |
|
|
|a ProQuest Serial Set Number 7110 H.rp.1226
|
| 110 |
1 |
|
|a United States.
|b Congress.
|b House.
|b Committee on the Judiciary.
|
| 245 |
1 |
0 |
|a Change in district courts of Georgia.
|
| 246 |
1 |
|
|a Change in district courts of Georgia
|
| 264 |
|
1 |
|a Washington :
|b [publisher not identified],
|c 1916.
|
| 300 |
|
|
|a 1 online resource.
|
| 336 |
|
|
|a text
|b txt
|2 rdacontent
|
| 337 |
|
|
|a computer
|b c
|2 rdamedia
|
| 338 |
|
|
|a online resource
|b cr
|2 rdacarrier
|
| 490 |
0 |
|
|a H.rp.1226
|
| 500 |
|
|
|a Record is based on bibliographic data in ProQuest U.S. Serial Set Digital Collection (last viewed Aug. 2007). Reuse except for individual research requires license from ProQuest, LLC.
|
| 510 |
3 |
|
|a ProQuest U.S. Serial Set Digital Collection
|
| 500 |
|
|
|a Electronic resource.
|
| 650 |
|
0 |
|a Courts.
|
| 650 |
|
0 |
|a District courts.
|
| 651 |
|
0 |
|a Georgia.
|
| 655 |
|
7 |
|a Electronic books.
|2 local
|
| 710 |
2 |
|
|a ProQuest (Firm)
|
| 830 |
|
0 |
|a United States congressional serial set.
|
| 856 |
4 |
0 |
|u http://proxy.library.tamu.edu/login?url=http://congressional.proquest.com/congcomp/getdoc?SERIAL-SET-ID=7110+H.rp.1226
|z Connect to the full text of this electronic book
|t 0
|
| 999 |
|
|
|a MARS
|
| 999 |
f |
f |
|s 3818cfb3-41e6-37bb-8ab9-11eb8d708905
|i 5ad1a38b-f6fb-365f-8bf0-18c2e54bba21
|t 0
|
| 952 |
f |
f |
|a Texas A&M University
|b College Station
|c Electronic Resources
|d Available Online
|t 0
|e ProQuest Serial Set Number 7110 H.rp.1226
|h Other scheme
|
| 998 |
f |
f |
|a ProQuest Serial Set Number 7110 H.rp.1226
|t 0
|l Available Online
|